'A' Literary Characters Quiz Stats

 Plays Quiz Updated Sep 2, 2013

Support Sporcle.
Go Orange.
Score 0/32 Timer 06:00
1 Play Today
% Correct
Rowling, J. K.
87.6%
Lee, Harper
81.6%
Tolstoy, Leo
79.6%
Carroll, Lewis
79.4%
Lewis, C. S.
76.2%
Melville, Herman
75.8%
Tolkien, J. R. R.
75%
Dahl, Roald
74.4%
Dumas, Alexandre
66.5%
Stoker, Bram
61.8%
Adams, Douglas
53.6%
Patterson, James
44%
Poe, Edgar Allan
42.7%
García Márquez, Gabriel
40.7%
King, Stephen
39.3%
Colfer, Eoin
39.2%
% Correct
Montgomery, Lucy Maud
37%
James, E. L.
35.8%
Brontë, Anne
33.3%
Roth, Philip
31.1%
Bernieres, Louis De
27.5%
Parish, Peggy
26.6%
Collins, Suzanne
26.2%
Auel, Jean
25.6%
McCarthy, Cormac
25.3%
Horowitz, Anthony
23.2%
Bellow, Saul
21.1%
Cather, Willa
20.4%
Keyes, Daniel
19.7%
White, E. B.
17.9%
McMurtry, Larry
13.9%
Greene, Graham
9.5%

From the Vault

Harry Potter and the Mega Profile: Part II

by Hejman

It's such an enormous quiz we had to split it into two parts. Be sure to try Part I
Remove Ads.
Support Sporcle.
Get the best of Sporcle when you Go Orange. This ad-free experience offers more features, more stats, and more fun while also helping to support Sporcle. Thank you for becoming a member.

Show Comments

Extras

Top Quizzes Today


Score Distribution

Your Account Isn't Verified!

In order to create a playlist on Sporcle, you need to verify the email address you used during registration. Go to your Sporcle Settings to finish the process.

Report this User

Report this user for behavior that violates our Community Guidelines.

Details: